| 000 -LEADER |
| fixed length control field |
00854nam a22002177a 4500 |
| 005 - DATE AND TIME OF LATEST TRANSACTION |
| control field |
20240129090036.0 |
| 008 - FIXED-LENGTH DATA ELEMENTS--GENERAL INFORMATION |
| fixed length control field |
240129b ||||| |||| 00| 0 eng d |
| 020 ## - INTERNATIONAL STANDARD BOOK NUMBER |
| International Standard Book Number |
9781407124483 |
| 040 ## - CATALOGING SOURCE |
| Transcribing agency |
KH8 |
| 082 ## - DEWEY DECIMAL CLASSIFICATION NUMBER |
| Classification number |
823.914 DEA |
| 100 ## - MAIN ENTRY--PERSONAL NAME |
| Personal name |
Deary, Terry |
| Relator term |
Author |
| 245 ## - TITLE STATEMENT |
| Title |
Safe-cracking for students/ |
| Statement of responsibility, etc. |
Terry Deary |
| 260 ## - PUBLICATION, DISTRIBUTION, ETC. |
| Name of publisher, distributor, etc. |
Scholastic Children's Books, |
| Date of publication, distribution, etc. |
2010. |
| 300 ## - PHYSICAL DESCRIPTION |
| Extent |
201 pages ; |
| Dimensions |
18 cm |
| 440 ## - SERIES STATEMENT/ADDED ENTRY--TITLE |
| Title |
Master Crook's Crime Academy, |
| Volume/sequential designation |
4 |
| 520 ## - SUMMARY, ETC. |
| Summary, etc. |
Wildpool's filthy rich are delighted - with a new bank in town, at last their money will be safe from thieving hands. But they haven't banked on the wit, skill and genius of the Crime Academy students, who are preparing for the greatest bank robbey of all time |
| 650 ## - SUBJECT ADDED ENTRY--TOPICAL TERM |
| Topical term or geographic name entry element |
Adventure stories |
| 650 ## - SUBJECT ADDED ENTRY--TOPICAL TERM |
| Topical term or geographic name entry element |
Bank robberies |
| 650 ## - SUBJECT ADDED ENTRY--TOPICAL TERM |
| Topical term or geographic name entry element |
Bank robberies |
| Form subdivision |
Fiction |
| 942 ## - ADDED ENTRY ELEMENTS (KOHA) |
| Source of classification or shelving scheme |
|
| Koha item type |
Books - Fiction |